<?xml version="1.0" encoding="UTF-8"?>
<record
    xmlns:xsi="http://www.w3.org/2001/XMLSchema-instance"
    xsi:schemaLocation="http://www.loc.gov/MARC21/slim http://www.loc.gov/standards/marcxml/schema/MARC21slim.xsd"
    xmlns="http://www.loc.gov/MARC21/slim">

  <leader>01108nam a22002894a 4500</leader>
  <controlfield tag="001">PE-BaUNAB</controlfield>
  <controlfield tag="005">20260701155550.0</controlfield>
  <controlfield tag="006">a||||gr|||| 001 0 </controlfield>
  <controlfield tag="007">ta</controlfield>
  <controlfield tag="008">      t        pe     gr     00| 0 spa d</controlfield>
  <datafield tag="017" ind1=" " ind2=" ">
    <subfield code="a">B.4.120-2021</subfield>
  </datafield>
  <datafield tag="020" ind1=" " ind2=" ">
    <subfield code="a">9788491139324</subfield>
  </datafield>
  <datafield tag="040" ind1=" " ind2=" ">
    <subfield code="a">PE-BaUNAB</subfield>
  </datafield>
  <datafield tag="041" ind1=" " ind2=" ">
    <subfield code="a">spa</subfield>
  </datafield>
  <datafield tag="043" ind1=" " ind2=" ">
    <subfield code="c">per</subfield>
  </datafield>
  <datafield tag="082" ind1=" " ind2=" ">
    <subfield code="a">21 001.42 </subfield>
  </datafield>
  <datafield tag="100" ind1=" " ind2=" ">
    <subfield code="a">Polgar, Stephen</subfield>
    <subfield code="e">Autor</subfield>
    <subfield code="9">13818</subfield>
  </datafield>
  <datafield tag="245" ind1=" " ind2=" ">
    <subfield code="a">Introducci&#xF3;n a la investigaci&#xF3;n en ciencias de la salud</subfield>
  </datafield>
  <datafield tag="260" ind1=" " ind2=" ">
    <subfield code="a">Barcelona, Espa&#xF1;a : </subfield>
    <subfield code="b">ELSEVIER,</subfield>
    <subfield code="c">2021.</subfield>
  </datafield>
  <datafield tag="300" ind1=" " ind2=" ">
    <subfield code="a">214 P&#xE1;ginas</subfield>
    <subfield code="c">23.5 cm</subfield>
  </datafield>
  <datafield tag="505" ind1=" " ind2=" ">
    <subfield code="a">I. Fundamentos metodol&#xF3;gicos de investigaci&#xF3;n sanitaria 2. Planificaci&#xF3;n de la investigaci&#xF3;n 3. Dise&#xF1;os de investigaci&#xF3;n 4. Recopilaci&#xF3;n de datos 5. Estad&#xED;stica descriptiva 6. An&#xE1;lisis de datos e inferencia 7. Evaluaci&#xF3;n y divulgaci&#xF3;n de los resultados de las investigaciones</subfield>
  </datafield>
  <datafield tag="650" ind1=" " ind2=" ">
    <subfield code="a">METODOS DE INVESTIGACI&#xD3;N  </subfield>
    <subfield code="9">11968</subfield>
  </datafield>
  <datafield tag="650" ind1=" " ind2=" ">
    <subfield code="a">INVESTIGACI&#xD3;N SANITARIA  </subfield>
    <subfield code="9">13819</subfield>
  </datafield>
  <datafield tag="650" ind1=" " ind2=" ">
    <subfield code="a">INVESTIGACI&#xD3;N OPERATIVA </subfield>
    <subfield code="9">11305</subfield>
  </datafield>
  <datafield tag="700" ind1=" " ind2=" ">
    <subfield code="a">Shane Thomas</subfield>
    <subfield code="9">13820</subfield>
  </datafield>
  <datafield tag="942" ind1=" " ind2=" ">
    <subfield code="2">ddc</subfield>
    <subfield code="c">LIB</subfield>
    <subfield code="e">2026-07-01</subfield>
    <subfield code="z">LRM</subfield>
  </datafield>
  <datafield tag="952" ind1=" " ind2=" ">
    <subfield code="2">ddc</subfield>
    <subfield code="8">ENFER</subfield>
    <subfield code="a">B01</subfield>
    <subfield code="b">B01</subfield>
    <subfield code="l">0</subfield>
    <subfield code="o">21 001.42 P01411</subfield>
    <subfield code="p">01L000008400</subfield>
    <subfield code="r">2026-07-01 15:56:50</subfield>
    <subfield code="y">LIB</subfield>
  </datafield>
  <datafield tag="952" ind1=" " ind2=" ">
    <subfield code="2">ddc</subfield>
    <subfield code="8">ENFER</subfield>
    <subfield code="a">B01</subfield>
    <subfield code="b">B01</subfield>
    <subfield code="l">0</subfield>
    <subfield code="o">21 001.42 P01411</subfield>
    <subfield code="p">01L000008401</subfield>
    <subfield code="r">2026-07-01 15:56:50</subfield>
    <subfield code="t">ej.2</subfield>
    <subfield code="y">LIB</subfield>
  </datafield>
  <datafield tag="952" ind1=" " ind2=" ">
    <subfield code="2">ddc</subfield>
    <subfield code="8">ENFER</subfield>
    <subfield code="a">B01</subfield>
    <subfield code="b">B01</subfield>
    <subfield code="l">0</subfield>
    <subfield code="o">21 001.42 P01411</subfield>
    <subfield code="p">01L000008402</subfield>
    <subfield code="r">2026-07-01 15:56:50</subfield>
    <subfield code="t">ej.3</subfield>
    <subfield code="y">LIB</subfield>
  </datafield>
  <datafield tag="999" ind1=" " ind2=" ">
    <subfield code="c">6108</subfield>
    <subfield code="d">6108</subfield>
  </datafield>
</record>
